Going for gold : Upper-intermediate teacher's book

Guardado en:
Detalles Bibliográficos
Autor principal: Wyatt, Rawdon
Formato: Libro
Lenguaje:Undetermined
Publicado: Longman Pearson Education 2003
Materias:
Etiquetas: Agregar Etiqueta
Sin Etiquetas, Sea el primero en etiquetar este registro!
Thư viện lưu trữ: Trung tâm Học liệu Trường Đại học Cần Thơ
LEADER 00597nam a2200217Ia 4500
001 CTU_65588
008 210402s9999 xx 000 0 und d
020 |c 367000 
082 |a 428.24 
082 |b W975 
100 |a Wyatt, Rawdon 
245 0 |a Going for gold : 
245 0 |b Upper-intermediate teacher's book 
245 0 |c Rawdon Wyatt, Richard Acklam, Arminta Crace 
260 |a Longman 
260 |b Pearson Education 
260 |c 2003 
650 |a English language 
650 |x Study and teaching 
904 |i TUYẾN 
980 |a Trung tâm Học liệu Trường Đại học Cần Thơ